000 00426nam a22001697a 4500
003 CEME
005 20210628205621.0
008 210309b xxu||||| |||| 00| 0 eng d
040 _c.
082 _a891.4393 MUS'A
100 _aMushtaq Ahmad Yusufi Yusufi, Mushtaq Ahmad
_976276
245 _aAabe gum
260 _aKARACHI
_bMAKTABA DANIAL
_c1990
300 _a404P
650 _aURDU ADAB-NOVEL
_920918
942 _cBK
_2ddc
999 _c581668
_d581668